|
|
|
|
| LEADER |
01370naa a2200325 i 4500 |
| 001 |
acta77524 |
| 005 |
20221201144705.0 |
| 008 |
221201s2022 hu o 1|| eng d |
| 020 |
|
|
|a 978-963-306-879-3
|
| 040 |
|
|
|a SZTE Egyetemi Kiadványok Repozitórium
|b hun
|
| 041 |
|
|
|a eng
|
| 100 |
1 |
|
|a Nagy Norbert
|
| 245 |
1 |
4 |
|a The role of the reverse Na+/Ca2+ exchanger and the Ca2+-dependent K+-current in sinus-node pacemaking
|h [elektronikus dokumentum] :
|b [abstract] /
|c Nagy Norbert
|
| 260 |
|
|
|a University of Szeged
|b Szeged
|c 2022
|
| 300 |
|
|
|a 62
|
| 490 |
0 |
|
|a European Section Meeting of the International Academy of Cardiovascular Sciences
|v 8
|
| 650 |
|
4 |
|a Orvos- és egészségtudomány
|
| 650 |
|
4 |
|a Klinikai orvostan
|
| 695 |
|
|
|a Elektrofiziológia - szív - előadáskivonat, Orvostudomány - kutatás - előadáskivonat
|
| 700 |
0 |
1 |
|a Tóth Noémi
|e aut
|
| 700 |
0 |
1 |
|a Loewe Axel
|e aut
|
| 700 |
0 |
1 |
|a Szlovák Jozefina
|e aut
|
| 700 |
0 |
1 |
|a Kohajda Zsófia
|e aut
|
| 700 |
0 |
1 |
|a Bitay Gergő
|e aut
|
| 700 |
0 |
1 |
|a Déri Szilvia
|e aut
|
| 700 |
0 |
1 |
|a Levijok Jouko
|e aut
|
| 700 |
0 |
1 |
|a Papp Julius Gy.
|e aut
|
| 700 |
0 |
1 |
|a Varró András
|e aut
|
| 711 |
|
|
|a European Section Meeting of the International Academy of Cardiovascular Sciences (8.)
|c Online
|d 2022. szeptember 28 - október 1.
|
| 856 |
4 |
0 |
|u http://acta.bibl.u-szeged.hu/77524/1/iacs_es_2022_062.pdf
|z Dokumentum-elérés
|